| 000 | 00760cam a22002414a 4500 | ||
|---|---|---|---|
| 008 | |||
| 020 | _a0273663097 (pbk.) | ||
| 049 | _aMAIN | ||
| 090 |
_aHG4515 _bARN |
||
| 100 | 1 | _aArnold, Glen. | |
| 245 | 1 | 4 |
_aThe Financial Times guide to investing : _bthe definitive companion to investment and the financial markets / _cGlen Arnold. |
| 260 |
_aLondon : _bFT Prentice Hall, _c2004. |
||
| 300 |
_axx, 410 p. : _bill. ; _c24 cm. |
||
| 504 | _aIncludes bibliographical reference. | ||
| 500 | _aIncludes index. | ||
| 650 | 0 | _aInvestments. | |
| 710 | 2 | _aFinancial Times Limited. | |
| 907 |
_a.b10304319 _b30-03-12 _c06-12-11 |
||
| 003 | |||
| 005 | 20230123125349.0 | ||
| 040 | _cNUST | ||
| 942 |
_cBOOKS _kHG4515 _mARN |
||
| 999 |
_c140253 _d140253 |
||